00986nam a2200229 i 450000100060000000300090000600500170001500700030003200800410003508000130007610000570008924500450014626000710019130000200026250501280028253401050041065000250051565100460054085200320058699900170061895201210063516422ES-MaACL20251011063050.0t|000918s1972 sp ||||1| lat d a276(082)1 aLorenzana, Francisco Antonio de, d1722-1804915183110aSS.PP. toletanorum quotque extant opera. a[Toleti] : bComitatus pro XIII Jubileo Sancti Ildefonsi, c[1972] a1 v. ; c25 cm.8 aContiene I.: I. Montani, S. Eugenii III et S. Ildephonsi... opuscula, epistolas, fragmentesque complectens, XXXVIII, 290 p. pReprod. de la ed. de: c-- Matriti, Apud Ioachimum Ibarra, Expensis... Francisci de Lorenzana, 1782. aPatrística.915895 4aToledo-xHistoria eclesiástica.9168543 aES-MaACLjG-2156 bR.106706 c16422d16422 00104070aATENEOMbATENEOMcDEPO2d2008-01-17eSCl0oG-2156p1016684r2023-02-23 00:00:00w2023-02-23yMONOGRAFIA